000 00561nam a2200193 a 4500
001 1770711733980
003 YourLibrary
005 20260210141103.0
008 260210s2008##################000#0#eng##
020 _a9780495508847
082 0 4 _a306.44
_bOTT
100 1 _aOttenheimer, Harriet Joseph,
_eauthor.
245 1 0 _aThe Anthropology of Language: An Introduction to Linguistic Anthropology :
260 _bCengage Learning,
_c2008.
300 _a400 pages
650 0 _aSocial Science.
942 _cENGLISH
040 _aYourLibrary
_beng
_cYourLibrary
999 _c611319
_d611319